| 000 | 01125nam a2200361 a 4500 | ||
|---|---|---|---|
| 003 | AR-BaBNM | ||
| 005 | 20251128210001.0 | ||
| 008 | 082120s2002 ||||||||||||||000 | spa|| | ||
| 040 | _cAR-BaBNM | ||
| 245 | 0 | 0 | _aFormación ética y ciudadana |
| 250 | _a1ª ed. | ||
| 260 |
_aBuenos Aires _bMinisterio de Cultura y Educación de la Nación _c1996 |
||
| 300 | _a249 p. | ||
| 490 | 0 | _aFuentes para la transformación curricular | |
| 500 | _aContiene referencias bibliográficas y nómina de especialistas consultados | ||
| 650 | 4 | _aFORMACION DE DOCENTES | |
| 650 | 4 | _aCURRICULO | |
| 651 | 4 | _aArgentina | |
| 653 | _aFORMACION ETICA Y CIUDADANA | ||
| 653 | _aCONTENIDOS BASICOS COMUNES | ||
| 653 | _aEDUCACION GENERAL BASICA | ||
| 653 | _aEDUCACION POLIMODAL | ||
| 653 | _aCONTENIDOS CURRICULARES | ||
| 700 | 1 | _aArchideo, Lila Blanca | |
| 700 | 1 | _aCasullo, María Martina | |
| 700 | 1 | _aFleitas Ortíz de Rozas, Abel | |
| 700 | 1 | _aGroisman, Enrique I. | |
| 700 | 1 | _aGuariglia, Osvaldo | |
| 700 | 1 | _aObiols, Guillermo | |
| 700 | 1 |
_aDecibe, Susana B. _eprologuista |
|
| 942 | _cBK | ||
| 998 | _carturo | ||
| 999 |
_c13598 _d13598 |
||